बूंद बूंद सागर मै / (Record no. 119564)
[ view plain ]
| 000 -LEADER | |
|---|---|
| fixed length control field | 00985nam a22002537a 4500 |
| 005 - DATE AND TIME OF LATEST TRANSACTION | |
| control field | 20170124103144.0 |
| 010 ## - LIBRARY OF CONGRESS CONTROL NUMBER | |
| LC control number | A-774264 |
| 020 ## - INTERNATIONAL STANDARD BOOK NUMBER | |
| Terms of availability | 80.00 |
| International Standard Book Number | 8185139091 |
| 035 ## - SYSTEM CONTROL NUMBER | |
| System control number | A-774264 |
| 037 ## - SOURCE OF ACQUISITION | |
| Source of stock number/acquisition | Cen Lib/Ret |
| 040 ## - CATALOGING SOURCE | |
| Original cataloging agency | DPL |
| Language of cataloging | HN |
| 082 ## - DEWEY DECIMAL CLASSIFICATION NUMBER | |
| Classification number | 821 |
| Item number | किशन |
| 100 ## - MAIN ENTRY--PERSONAL NAME | |
| Personal name | किशन स्वरुप |
| 9 (RLIN) | 85590 |
| 245 ## - TITLE STATEMENT | |
| Title | बूंद बूंद सागर मै / |
| Statement of responsibility, etc | किशन स्वरुप |
| 246 ## - VARYING FORM OF TITLE | |
| Title proper/short title | Bund bund sagar mai |
| Remainder of title | by Kishan Swarup |
| 260 ## - PUBLICATION, DISTRIBUTION, ETC. (IMPRINT) | |
| Place of publication, distribution, etc | बिजनौर |
| Name of publisher, distributor, etc | हिंदी साहित्य निकेतन |
| Date of publication, distribution, etc | 1996 |
| 270 ## - ADDRESS | |
| Address | बिजनौर |
| City | बिजनौर |
| 300 ## - PHYSICAL DESCRIPTION | |
| Extent | 80पृष्ठ. |
| Dimensions | 20सेमी(सजिल्द) |
| 650 ## - SUBJECT ADDED ENTRY--TOPICAL TERM | |
| Topical term or geographic name as entry element | हिंदी साहित्य |
| 9 (RLIN) | 85591 |
| 650 ## - SUBJECT ADDED ENTRY--TOPICAL TERM | |
| Topical term or geographic name as entry element | हिंदी - गज़ल संग्रह |
| 9 (RLIN) | 42593 |
| 650 ## - SUBJECT ADDED ENTRY--TOPICAL TERM | |
| Topical term or geographic name as entry element | hindi Literature |
| 9 (RLIN) | 85592 |
| 650 ## - SUBJECT ADDED ENTRY--TOPICAL TERM | |
| Topical term or geographic name as entry element | Hindi - Folk Collection |
| 9 (RLIN) | 85593 |
| 942 ## - ADDED ENTRY ELEMENTS (KOHA) | |
| Source of classification or shelving scheme | Dewey Decimal Classification |
| Koha item type | Hindi Books |
| Classification part | 821 |
| Call number suffix | किशन |
| Withdrawn status | Lost status | Damaged status | Not for loan | Home library | Current library | Date acquired | Source of acquisition | Cost, normal purchase price | Total Checkouts | Full call number | Barcode | Date last seen | Copy number | Cost, replacement price | Price effective from | Koha item type |
|---|---|---|---|---|---|---|---|---|---|---|---|---|---|---|---|---|
| Central Library | Central Library | 17/09/2015 | Cen Lib/Ret | 80.00 | 821 किशन | A-774264 | 17/09/2015 | 1 | 80.00 | 17/09/2015 | Hindi Books |
